Lord of the Rings Top 50 Places Quiz Stats

 Plays Quiz Updated Feb 5, 2019

Support Sporcle.
Go Orange.
Score 0/52 Timer 10:00
1 Play Today
Mentions Place % Correct
271The Shire
95.9%
220Mordor
94.6%
271Rohan
86.4%
122Rivendell
86%
254Gondor
85.8%
100Moria
80.4%
29Great Gate of Minas Tirith
79.4%
28Citadel of Minas Tirith
79.4%
130Minas Tirith
79.3%
141Isengard
77%
121Bree
72.7%
19Helm's Dike
72.3%
18Deeping-coomb
72.3%
37Helm's Deep
72.3%
117Lothlórien
70.3%
57Fangorn
69.7%
18Fords of Isen
69.6%
54Hobbiton
69.5%
55Minas Morgul
68.4%
22Orodruin
68.4%
40Mirkwood
59.9%
34Osgiliath
57.2%
27Misty Mountains
54%
29Morannon
52.2%
31Weathertop
52%
81Bag End
50.9%
Mentions Place % Correct
41Edoras
50.3%
49Barad-dûr
44.6%
67Anduin
44.3%
18Cirith Ungol
42%
78Orthanc
37.7%
18Old Forest
36.7%
22Pelennor
36.1%
38Ithilien
32.6%
30Brandywine
30%
35Caradhras
25.1%
34Buckland
24.4%
34Emyn Muil
24.3%
51Middle-earth
24.1%
24Paths of the Dead
18.7%
21Dunharrow
17.6%
23Dol Amroth
17.5%
47Númenor
17.5%
18White Mountains
14.9%
19Westfold
14%
31Bywater
12.8%
37Hornburg
12.8%
24Entwash
9.4%
29Ephel Dúath
9.1%
30Silverlode
8.4%
18Tol Brandir
6.1%
18Mindolluin
5.9%

You're not logged in!

Compare scores with friends on all Sporcle quizzes.
OR
Log In
Forgot?

From the Vault

Idioms: One or Two

by zigga

When in doubt, flip a coin.
Remove Ads.
Support Sporcle.
Get the best of Sporcle when you Go Orange. This ad-free experience offers more features, more stats, and more fun while also helping to support Sporcle. Thank you for becoming a member.

Show Comments

Extras

Top Quizzes Today


Score Distribution

Your Account Isn't Verified!

In order to create a playlist on Sporcle, you need to verify the email address you used during registration. Go to your Sporcle Settings to finish the process.

Report this User

Report this user for behavior that violates our Community Guidelines.

Details: